Statistiques concernant Pays se terminant par -stan

Cliquez ici pour prendre le quiz!

Statistiques générales

  • Ce quiz a été pris 12 100 fois
  • Le résultat moyen est 6 sur 7

Statistiques - réponses

Pays% Correct
Pakistan
94%
Ouzbékistan
93%
Afghanistan
91%
Turkménistan
91%
Kazakhstan
90%
Tadjikistan
84%
Kirghizistan
83%

Distribution des résultats

Percentile par nombre de réponses

% des personnes avec chaque résultat

Votre développement - résultats

Vous n’avez pas pris ce quiz